VARIACIÓN DE LA RESISTENCIA DEL CONCRETO UTILIZANDO DIFERENTES FUENTES DE AGUA EN EL MUNICIPIO DE COBÁN, ALTA VERAPAZ./ (Registro nro. 2040)

Detalles MARC
000 -LEADER
campo de control de longitud fija 03753nam a22003377a 4500
001 - NÚMERO DE CONTROL
campo de control TIC 0038
003 - IDENTIFICADOR DE NÚMERO DE CONTROL
campo de control gtcocun
005 - FECHA Y HORA DE LA ÚLTIMA TRANSACCIÓN
campo de control 20250922165746.0
006 - CÓDIGOS DE INFORMACIÓN DE LONGITUD FIJA--CARACTERÍSTICAS DEL MATERIAL ADICIONAL
campo de control de longitud fija a||||gr|||| 00| 0
007 - CAMPO FIJO DE DESCRIPCIÓN FÍSICA--INFORMACIÓN GENERAL
campo de control de longitud fija ta
008 - DATOS DE LONGITUD FIJA--INFORMACIÓN GENERAL
campo de control de longitud fija 250922b2024 gt ||||| m||| 00| 0 eng d
040 ## - FUENTE DE CATALOGACIÓN
Centro catalogador/agencia de origen gtcocun
Lengua de catalogación SPA
Centro/agencia transcriptor gtcocun
Normas de descripción RDA
041 ## - CÓDIGO DE IDIOMA
Código de lengua del texto/banda sonora o título independiente SPA TIC 0038
084 ## - OTRO NÚMERO DE CLASIFICACIÓN
Número de control del registro de autoridad o número normalizado TIC 0038
100 ## - ENTRADA PRINCIPAL--NOMBRE DE PERSONA
Nombre de persona Pacay Mollinedo, Gerson Neftalí
Término indicativo de función/relación Autor
245 ## - MENCIÓN DEL TÍTULO
Título VARIACIÓN DE LA RESISTENCIA DEL CONCRETO UTILIZANDO DIFERENTES FUENTES DE AGUA EN EL MUNICIPIO DE COBÁN, ALTA VERAPAZ./
Mención de responsabilidad, etc. Gerson Neftalí Pacay Mollinedo
Medio Impreso
264 ## - PRODUCCIÓN, PUBLICACIÓN, DISTRIBUCIÓN, FABRICACIÓN Y COPYRIGHT
Producción, publicación, distribución, fabricación y copyright Cobán, Alta Verapaz:
Nombre del de productor, editor, distribuidor, fabricante Universidad de San Carlos de Guatemala, Centro Universitario del Norte, Ingeniería Civil
Fecha de producción, publicación, distribución, fabricación o copyright 2024
300 ## - DESCRIPCIÓN FÍSICA
Extensión 147 p.:
Otras características físicas Ilustraciones, gráficas.
Dimensiones 28 cm;
300 ## - DESCRIPCIÓN FÍSICA
Dimensiones PDF
336 ## - TIPO DE CONTENIDO
Fuente rdacontenido
Término de tipo de contenido Texto
Código de tipo de contenido txt
337 ## - TIPO DE MEDIO
Fuente rdamedio
Nombre/término del tipo de medio Computadora
Código del tipo de medio n
338 ## - TIPO DE SOPORTE
Fuente rdasoporte
Nombre/término del tipo de soporte Código en línea
Código del tipo de soporte cr
502 ## - NOTA DE TESIS
identificador de la tesis TIC 0038
502 ## - NOTA DE TESIS
Nota de tesis Tesis de grado
Tipo de título Ingeniería Civil,
Nombre de la institución que otorga el título Universidad de San Carlos de Guatemala, Centro Universitario del Norte, Ingeniería Civil
Año de obtención del título 2024
Identificador de la tesis TIC 0038
520 14 - RESUMEN, ETC.
Sumario, etc. En vista de la necesidad de realizar un estudio del impacto que ocasionaría el agua en el concreto, se ha realizó una investigación detallada en el municipio de Cobán, del departamento de Alta Verapaz de Guatemala. El objetivo consistió en evaluar el impacto de utilizar el agua sin conocer sus propiedades fisicoquímicas de las fuentes de agua que se extraen para el uso de obra civil, se evaluó los distintos tipos de agua como: de río,<br/>nacimiento, de tubería y agua de pozo, al evaluar el agua en el concreto a los 28 días de fraguado, esto para considerar su fiabilidad al utilizarlo como agregado fundamental en el concreto.<br/><br/>Este informe se centró en analizar la sensibilidad que tiene el concreto ante la presencia del componente fisicoquímico que afectan directamente al fraguado y estructura del concreto,<br/>entre algunos esta; los carbonatos, cloruros, solidos disueltos, sulfatos, magnesio y el que mayormente afectaría al concreto encontramos al cloro residual, al estar expuesto a las dosis permisibles de cloro residual que puede contener el agua potable, que es provista por<br/>la red de distribución y la cual es utilizada para la elaboración de concreto.<br/><br/>El contenido de cloro residual que cada una de las muestras contenía fueron de 0.0 mg/L<br/>en agua de nacimiento, 0.02 mg/L en agua de pozo, 0 09 mg/L en agua de rio y 1,16 mg/L<br/>en agua te tubería, siendo estos los valores permisibles por la norma COGUANOR NGO<br/>29 000 1:99. En la investigación se consideraron las propiedades del concreto y las<br/>normativas guatemaltecas, ACI y ASTM. Para determinar los parámetros en los que se debería de guiar el diseñador al momento de realizar una mezcla de concreto, se consideraron los agregados como finos y gruesos, con ello determinar los valores de diseño y su caracterización además de la dosificación del concreto según la resistencia de diseño de 3 000 PSI.<br/><br/>Los resultados de los ensayos a compresión han indicado un comportamiento interesante<br/>del concreto dado que todos los especímenes cumplieron con la resistencia requerida del 100 por ciento, mas no entre ellas se encuentra una que excede el exceso de cloro residual el cual afectaría directamente a la corrosión del concreto armado.
650 14 - PUNTO DE ACCESO ADICIONAL DE MATERIA--TÉRMINO DE MATERIA
Fuente del encabezamiento o término LEMB
Término de materia o nombre geográfico como elemento de entrada Cobán, Alta Verapaz.
Subdivisión general Ingeniería
-- Análisis
-- Investigación
-- Requerimientos
-- Normativa
-- Determinar
700 ## - ENTRADA AGREGADA--NOMBRE PERSONAL
Nombre de persona Ing. Jorge Haroldo Dubón Xitumul
Término indicativo de función/relación Asesor
856 ## - LOCALIZACIÓN Y ACCESO ELECTRÓNICOS
Identificador Uniforme de Recurso <a href="https://drive.google.com/file/d/1-Dqwa47-PXL0zeUM4Q1vlMGZI2TyKbBr/view">https://drive.google.com/file/d/1-Dqwa47-PXL0zeUM4Q1vlMGZI2TyKbBr/view</a>
Texto de enlace PDF
Nota pública Un ejemplar en línea.
942 ## - ELEMENTOS DE ENTRADA SECUNDARIOS (KOHA)
Fuente de la clasificación o esquema de estantería Clasificación Decimal Dewey
Tipo de ítem Koha TESIS
Parte de la signatura que identifica el ejemplar (Parte del ítem) TIC 0038
Prefijo de la signatura Clasificación
Suprimir en OPAC No
-- TIC_0038_000000000000000
Existencias
Estatus retirado Estado de pérdida Fuente de la clasificación o esquema de estantería Estado de daño No para préstamo Colección Biblioteca de origen Biblioteca actual Ubicación en estantería Fecha de adquisición Número de inventario Total de préstamos Signatura topográfica completa Código de barras Visto por última vez Precio de reemplazo Tipo de ítem Koha
    Clasificación Decimal Dewey     tesis BIBLIOTECA- CUNOR -JOSÉ LUIS GONZALES ROSALES BIBLIOTECA- CUNOR -JOSÉ LUIS GONZALES ROSALES Colección tesis 16/09/2025 TIC 0038   TIC 0038 TIC 0038 16/09/2025 16/09/2025 TESIS